000 nam a22 a 4500
999 _c1985
_d1985
003 AKMAL
005 20170512160752.0
008 170512s1998 my 00 may d
020 _a9676108251 (kkt.):
_cRM 12.00
040 _aAKMAL
082 0 4 _a382 ROS
090 0 0 _a382
_bROS
100 0 _aRosli Mahmood
_93511
245 1 0 _aPerdagangan antarabangsa :
_bkonsep, amalan dan pembiayaan /
_cRosli Mahmood
260 _aKuala Lumpur :
_bUtusan Publications & Distributors,
_c1998
300 0 0 _avii, 134ms. ;
_c22cm
504 _aBibligrafi: ms. 133-134
650 0 _aInternational trade
_93532
650 0 _aInternational finance
_93533
650 0 _aForeign exchange
_94099
942 _2ddc
_cBOOK